00707nam a2200229Ia 4500003000900000008004100009040001300050040001300063041000800076100002200084245006000106250000900166260001800175260000900193300001100202300001200213490002500225490000600250942000700256999001700263952019700280IT-RoPAU120407s9999 xx 000 0 und d aIT-RoPAU cIT-RoPAU aita aGregorio di Nissa aL’uomo. trad. introd. e note a cura di Bruno Salmona. aRoma aCittà Nuova c1982 a143 p. c20,5 cm aTesti patristici, 32 v1 cBK c25724d25724 00102ddc406276_10000000000000071aPAULUSbPAULUSd2012-04-11l0o276.1r2012-04-11 00:00:00w2012-04-11yBKzInserito da: Anna In data: 12 settembre 2011 fondo: Via A.Severo 56 Progr:18125